Sélectionneurs de l’équipe de France - Statistiques

Statistiques générales
  • Ce quiz a été pris 126 fois
  • Le résultat moyen est 7 sur 16
Statistiques - réponses
Année Entraineur % Correct
2012- Didier Deschamps
100%
2010-2012 Laurent Blanc
96%
1994-1998 Aimé Jacquet
94%
2004-2010 Raymond Domenech
94%
1988-1992 Michel Platini
67%
1976-1984 Michel Hidalgo
51%
1998-2002 Roger Lemerre
50%
2002-2004 Jacques Santini
49%
1984-1988 Henri Michel
40%
1967 Just Fontaine
31%
1992-1993 Gérard Houllier
28%
1973-1975 Stefan Kovacs
14%
1966 Jean Snella & José Arribas
5%
1969-1973 Georges Boulogne
4%
1964-1966 Henri Guerin
4%
1967-1968 Louis Duguauguez
3%
Aucun quiz correspondant
Distribution des résultats
% des personnes avec chaque résultat
Percentile par nombre de réponses
Votre historique - résultats
Vous n’avez pas pris ce quiz